000
00278nam a2200121Ia 4500
008
190216s9999||||xx |||||||||||||| ||und||
100
_a
Prem Chand
245
0
_a
Festival Of Eid
260
_b
National Book Trust India
_c
1980
300
_a
32p
650
_a
English
942
_c
BK
999
_c
13099
_d
13099